Complète ces chants de l'OM - Statistiques

Statistiques générales
  • Ce quiz a été pris 97 fois
  • Le résultat moyen est 9 sur 15
Statistiques - réponses
Question Réponse % Correct
Aux Armes ... Nous sommes les marseillais !
100%
Hissez haut les drapeaux ... Tous unis sous les mêmes couleurs
88%
Marseille, ma ville ... Je t'aime
80%
Quand le virage se met à chanter ... C'est tout un stade qui va s'enflammer
76%
Olympique ... De Marseille
68%
Allez l'OM allez, du virage ... Depé
68%
Quoi que tu dises ... Quoi que tu fasses
68%
Ce soir on ... Vous mets le feu
64%
Allez, allez, allez allez allez ... Marseillais allez
60%
Dans tous les stades ... On est allés
52%
Et chanter comme Depé ... Sans jamais rien lâcher
52%
Allez l'OM allez, du ... SW
48%
Allez l'OM, allez oh ... L'OM va marquer
44%
Et c'est pour nos couleurs ... Qu'on reprend tous en coeur
36%
Olympique magnifique ... Tu vas jouer
20%
Aucun quiz correspondant
Distribution des résultats
% des personnes avec chaque résultat
Percentile par nombre de réponses
Votre historique - résultats
Vous n’avez pas pris ce quiz